LEADER 00989nam a2200265 i 4500 001 991000506229707536 005 20020503182145.0 008 940512s1984 it ||| | ita 020 $a8815005455 035 $ab10087606-39ule_inst 035 $aLE02517295$9ExL 040 $aFac. Economia$bita 082 0 $a330.91 100 1 $aO'Sullivan, Patrick$0301813 245 10$aEconomia e territorio /$cO'Sullivan, Patrick 260 $aBologna :$bil Mulino,$cc1984 300 $a254 p. ;$c22 cm 440 3$aLa nuova scienza. Serie di economia 907 $a.b10087606$b02-03-09$c27-06-02 912 $a991000506229707536 945 $aLE025 ECO 330.9 OSU01.01$g1$i2025000009332$lle025$o-$pE0.00$q-$rl$s- $t0$u0$v0$w0$x0$y.i10101494$z27-06-02 945 $aLE025 ECO 330.9 OSU01.01$g2$i2025000193994$lle025$o-$pE0.00$q-$rl$s- $t0$u1$v0$w1$x0$y.i14548161$z11-09-07 996 $aGeographical economics$912957 997 $aUNISALENTO 998 $ale025$b01-01-94$cm$da $e-$fita$git $h0$i1 LEADER 01507oam 2200493zu 450 001 9910830031203321 005 20210807004635.0 010 $a1-118-66697-6 035 $a(CKB)3450000000004493 035 $a(SSID)ssj0000726570 035 $a(PQKBManifestationID)11464761 035 $a(PQKBTitleCode)TC0000726570 035 $a(PQKBWorkID)10684759 035 $a(PQKB)11122742 035 $a(PPN)189038217 035 $a(EXLCZ)993450000000004493 100 $a20160829d1989 uy 101 0 $aeng 181 $ctxt 182 $cc 183 $acr 200 00$aCarbonate sedimentology and petrology 210 31$a[Place of publication not identified]$cAmerican Geophysical Union$d1989 225 0 $aShort course in geology Carbonate sedimentology and petrology 300 $aBibliographic Level Mode of Issuance: Monograph 311 $a0-87590-700-8 606 $aCarbonate rocks 606 $aGeology$2HILCC 606 $aEarth & Environmental Sciences$2HILCC 606 $aPetrology$2HILCC 615 0$aCarbonate rocks 615 7$aGeology 615 7$aEarth & Environmental Sciences 615 7$aPetrology 676 $a552/.58 702 $aScholle$b Peter A 702 $aJames$b Noel P 702 $aRead$b J. F 712 12$aInternational Geological Congress$d(28th :$f1989 :$eWashington, D.C.) 801 0$bPQKB 906 $aBOOK 912 $a9910830031203321 996 $aCarbonate sedimentology and petrology$91938596 997 $aUNINA